000 00978cam a2200301 4500
001 318439
003 ARRUPE
005 20150529105350.0
008 850301s1959 enka 000 0 eng
010 _a 53009489
035 _a(OCoLC)505014829
035 _a(OCoLC)ocn505014829
035 _a(CStRLIN)NYCG85-B22065
035 _a(NNC)318439
040 _dNNC
_cDCL
050 0 _aQ175
_b.B7845 1960
090 _aQ175
_b.B7845
100 1 _aBraithwaite, Richard Bevan.
_q(Richard Bevan)
_917717
245 1 0 _aScientific explanation;
_ba study of the function of theory, probability and law in science.
_cBy Richard Bevan Braithwaite.
260 _aNew York
_bHarper and Brothers
_c1960.
300 _a375 p.
_bill.
_c23 cm.
500 _a"Based upon the Tarner lectures, 1946."
650 0 _aLogic, Symbolic and mathematical.
_917718
650 0 _aScience
_xMethodology.
_917719
830 0 _aTarner lectures.
_917720
942 _2lcc
_cMONOGRAPH
999 _c122814
_d122814